Jack Jerouac (Record no. 12002)

MARC details
000 - LÍDER
campo de control de longitud fija 00917nam a2200241Ia 4500
008 - ELEMENTOS DE DATOS DE LONGITUD FIJA - INFORMACIÓN GENERAL
campo de control de longitud fija 000000[1990] XXcad 0000000000eng00
090 ## - NÚMERO DE LLAMADA DE TIPO LC LOCALMENTE ASIGNADO (OCLC)
Número de clasificación (OCLC) (R) PUS00 A24j
100 1# - ENTRADA PRINCIPAL - NOMBRE PERSONAL
Nombre de la persona Adler, Ed
245 10 - TÍTULO DECLARACIÓN
Título Jack Jerouac
Resto del título : departed angels, the lost paintings
Declaración de responsabilidad / text by Ed Adler ; foreword by John Sampas
260 ## - PUBLICACIÓN, DISTRIBUCIÓN
Lugar de publicación [Montreal] : Ed Adler
Fecha de publicación 1990
300 ## - DESCRIPCIÓN FÍSICA
Alcance 9 p.
Dimensiones / 21 cm.
500 ## - NOTA GENERAL
Nota general Proyecto Ganador Programa Apoyos Concertados FGAA 2010
501 ## - Con nota
Con nota The northport years
505 ## - NOTA DE CONTENIDO FORMATEADA
Nota sobre el contenido formateado OBRAS : Face of the buddha Self portrait as a boy Old angel midnight over lowell
600 00 - ENTRADA DE SUJETO AÑADIDO - NOMBRE PERSONAL
Nombre de la persona KEROUAC, JACK, 19221969/
Subdivisión general TRABAJOS PICTORICOS
650 14 - ENTRADA DE SUJETO AÑADIDO - TÉRMINO TÓPICO
Término tópico o elemento de entrada del nombre geográfico ARTE CONTEMPORANEO ESTADOUNIDENSE
650 14 - ENTRADA DE SUJETO AÑADIDO - TÉRMINO TÓPICO
Término tópico o elemento de entrada del nombre geográfico ARTISTAS PLASTICOS ESTADOUNIDENSES
650 14 - ENTRADA DE SUJETO AÑADIDO - TÉRMINO TÓPICO
Subdivisión general CATALOGOS
650 14 - ENTRADA DE SUJETO AÑADIDO - TÉRMINO TÓPICO
Término tópico o elemento de entrada del nombre geográfico DIBUJOS ESTADOUNIDENSES
650 14 - ENTRADA DE SUJETO AÑADIDO - TÉRMINO TÓPICO
Término tópico o elemento de entrada del nombre geográfico PINTORES ESTADOUNIDENSES
650 14 - ENTRADA DE SUJETO AÑADIDO - TÉRMINO TÓPICO
Término tópico o elemento de entrada del nombre geográfico PINTURA ESTADOUNIDENSE
700 1# - ENTRADA AGREGADA - NOMBRE PERSONAL
Nombre de la persona Sampas, John
Holdings
Estado de retirada Pérdida de estatus Estado dañado No para préstamo Código de recogida Ubicación permanente Ubicación actual Ubicación de las estanterías Fecha de adquisición Número de llamada completo Código de barras Fecha de la última vez que se vio Número de copia Precio efectivo desde Tipo de artículo Koha
        General ArtNexus ArtNexus General 06/09/2022 P-US-00 A24J 12123 06/09/2022 Ej.1 06/09/2022 Libro

Powered by Koha